000 01190naa a22002777a 4500
001 BR8003021
003 BR-BrBNA
005 20240918174602.0
007 ta
008 230509b bl.||||| |||| 00| 0 por d
040 _aBR-BrBNA
_bpor
_cBiblioteca Nacional de Agricultura
041 _a(Pt)
072 _aF23
_b/G514
090 _aF23 BR8003021
100 1 _aFrancisco, B.H.R.
111 1 _a4. e 5. Semanas de Estudos Geologicos e 1. e 2. Sessoes Tecnicas de Geologia do Estado do Rio de Janeiro
_cItaguai, RJ (Brazil)
_d10 May 1976
245 1 _aNomenclatura estratigrafica do estado do Rio de Janeiro [Classificacao do solo; Brasil]
260 3 _aItaguai, RJ (Brasil):
_bImprensa Universitaria,
_c1980.
500 _a4. e 5. Semanas de Estudos Geologicos. Coletanea de trabalhos apresentados Itaguai, RJ (Brasil): Imprensa Universitaria, 1980. p. 55-60 (BR8003021-AM)F23
650 _aClassificacao do solo
650 _aPerfil do solo
650 _aRio de Janeiro
773 0 _t4. e 5. Semanas de Estudos Geologicos. Coletanea de trabalhos apresentados
_wF23 BR8003021
_gItaguai, RJ (Brasil), 1980. p. 55-60
909 _a202404
_bLucia
_c55
_dLucia Elande
942 _cAM
_2AGRIS
999 _c312168
_d312168